00696nam a22001697a 450000500170000001000130001702000260003003500110005603700130006708200110008010000480009124501270013924600930026626000520035927000920041130000230050320201021155344.0 aUR-10900 c350.00a9789389733570 aU-9455 bDBAD/PUB a910.41 dمحمد ا شتيا ق احمد شا کر  aسفر نا مے کا فن ا و ر شما لی ہند کے سفر نا مے cمحمد ا شتيا ق احمد شا کر  bSafar Nama Ka Fan Aur Shumali Hind Ke Safar Name (Urdu)aby Md. Ishtiyaque Ahmed Shakir aN.Delhi bEducational Publishing Housec2019 ء aH.O.D1/16,Ansari Road,Darya ganj,bN.Delhie110002k45678285,23216162l0091-11-23211540 a247 ص c22 Cm(Hb)